Экспериментальные исследования характеристик контактного теплообмена свинцовый теплоноститель - рабочее тело; Атомная энергия; Т. 98, вып. 3

Detalhes bibliográficos
Parent link:Атомная энергия: теоретический и научно-технический журнал/ Российская академия наук ; Министерство РФ по атомной энергии, ядерного общества.— , 1956-.— 0004-7163
Т. 98, вып. 3.— 2005.— с. 182-187
Outros Autores: Безносов А. В., Пинаев С. С., Давыдов Д. В., Молодцов А. А., Мартынов П. Н., Рачков В. И.
Idioma:russo
Publicado em: 2005
coleção:Статьи
Assuntos:
Formato: Capítulo de Livro
KOHA link:https://koha.lib.tpu.ru/cgi-bin/koha/opac-detail.pl?biblionumber=426211

MARC

LEADER 00000naa2a2200000 4500
001 426211
005 20231101074512.0
035 |a (RuTPU)RU\TPU\prd\84935 
035 |a RU\TPU\prd\36184 
090 |a 426211 
100 |a 20100701a2005 k y0rusy50 ca 
101 0 |a rus 
102 |a RU 
200 1 |a Экспериментальные исследования характеристик контактного теплообмена свинцовый теплоноститель - рабочее тело  |f А. В. Безносов, С. С. Пинаев, Д. В. Давыдов и др. 
225 1 |a Статьи 
320 |a Библиогр.: 3 назв. 
461 0 |0 (RuTPU)RU\TPU\prd\33  |x 0004-7163  |t Атомная энергия  |o теоретический и научно-технический журнал  |f Российская академия наук ; Министерство РФ по атомной энергии, ядерного общества  |d 1956- 
463 0 |0 (RuTPU)RU\TPU\prd\84931  |t Т. 98, вып. 3  |v с. 182-187  |d 2005 
610 1 |a контактный теплообмен 
610 1 |a свинцовые теплоносители 
610 1 |a рабочее тело 
610 1 |a теплогидравлические характеристики 
610 1 |a барботаж воды 
610 1 |a пароводяные смеси 
610 1 |a пузырьковое истечение 
610 1 |a факельное истечение 
610 1 |a экспериментальные исследования 
610 1 |a характеристики 
675 |a 621.039  |v 3 
701 1 |a Безносов  |b А. В. 
701 1 |a Пинаев  |b С. С. 
701 1 |a Давыдов  |b Д. В. 
701 1 |a Молодцов  |b А. А. 
701 1 |a Мартынов  |b П. Н. 
701 1 |a Рачков  |b В. И. 
801 1 |a RU  |b 63413507  |c 20050526  |g PSBO 
801 2 |a RU  |b 63413507  |c 20100701  |g RCR 
942 |c BK